000 00435nam a2200157 i 4500
001 44139
003 ES-MaACL
005 20230906160951.0
007 t|
008 030320s1972 cl ||||1| spa d
100 1 _aCid H., Otto.
_938766
245 1 0 _aPaso de leones
_b: (recuerdos de Trupán) /
_cOtto Cid H.
260 _aLa Serena (Chile) :
_bSeorben,
_c1972.
300 _a123 p. ;
_c19 cm.
852 _aES-MaACL
_jC-42836
_bR.81865
999 _c44139
_d44139